| 000 | 01644nam a2200349 c 4500 | ||
|---|---|---|---|
| 003 | BLK | ||
| 005 | 20210525130843.0 | ||
| 008 | 180408b bul|||||r ||||||| ||bul|| | ||
| 010 | _aKNG00059137000 | ||
| 020 |
_a954-509-323-4 _bиздат.: Воен. изд. |
||
| 040 | _aBLK | ||
| 041 |
_aBUL _cBUL |
||
| 080 |
_aПолитическо преследване. Терористични действия. Тероризъм - Атентати, политически убийства. Вж и 343.1 ; 343.3/.7 _b323.28 _x:316.6(100) _z323.28:316.6(100) |
||
| 080 |
_aПолитически интриги. Подривна дейност. Диверсии. Пета колона _b327.88 _x:316.6 _z327.88:316.6 |
||
| 080 |
_aОтбягване. Неприятелство. Агресия. Насилие _b316.647.3 _x _z316.647.3 |
||
| 100 | 1 |
_aПопов, Христо Тодоров _eпърви автор _9286034 |
|
| 139 |
_aПопов, Христо Тодоров _bП 76 |
||
| 245 | 1 | 0 |
_aТероризмът _bПсихосоциални корени, последствия и интервенции _cХристо Тодоров Попов. |
| 257 | _aBGR | ||
| 260 |
_аСофия _bВоен. изд. _c2005 |
||
| 300 |
_a357 с. _c24 см |
||
| 380 | _a3 | ||
| 500 | _aБиблиогр. с. 328-345 ; Рез. на англ. ез. | ||
| 650 | 4 |
_aТероризъм _9173548 |
|
| 653 | _aтероризъм | ||
| 653 | _aсоциалнопсихологични проблеми | ||
| 852 | _aЦб 227005 | ||
| 856 | 4 |
_qpdf _u |
|
| 856 | 4 |
_qpdf _u |
|
| 942 |
_cKNG _n0 _03 |
||
| 944 |
_aCR _c04.04.2006 _kГеновева_Генчева |
||
| 944 |
_aED _c28.03.2007 _k |
||
| 999 |
_c55172 _d55172 |
||